<?xml version="1.0" encoding="UTF-8"?>
<record
    xmlns:xsi="http://www.w3.org/2001/XMLSchema-instance"
    xsi:schemaLocation="http://www.loc.gov/MARC21/slim http://www.loc.gov/standards/marcxml/schema/MARC21slim.xsd"
    xmlns="http://www.loc.gov/MARC21/slim">

  <leader>00712nam a22002417a 4500</leader>
  <controlfield tag="003">OSt</controlfield>
  <controlfield tag="008">250205b        |||||||| |||| 00| 0 eng d</controlfield>
  <datafield tag="020" ind1=" " ind2=" ">
    <subfield code="a">9789332570344</subfield>
  </datafield>
  <datafield tag="082" ind1=" " ind2=" ">
    <subfield code="a">631.42</subfield>
    <subfield code="b">H38S</subfield>
  </datafield>
  <datafield tag="245" ind1=" " ind2=" ">
    <subfield code="a">Soil Fertility and Fertilizers : an introduction to nutrient management / </subfield>
    <subfield code="c">by John L. Havlin...[et. al.]</subfield>
  </datafield>
  <datafield tag="250" ind1=" " ind2=" ">
    <subfield code="a">8th ed.</subfield>
  </datafield>
  <datafield tag="260" ind1=" " ind2=" ">
    <subfield code="a">.- UP</subfield>
    <subfield code="b">: Pearson</subfield>
    <subfield code="c">, 2023</subfield>
  </datafield>
  <datafield tag="300" ind1=" " ind2=" ">
    <subfield code="a">vii,520p.</subfield>
  </datafield>
  <datafield tag="650" ind1=" " ind2=" ">
    <subfield code="a">Technology (Applied Sciences)</subfield>
  </datafield>
  <datafield tag="650" ind1=" " ind2=" ">
    <subfield code="a">Agriculture and Related Technologies</subfield>
  </datafield>
  <datafield tag="650" ind1=" " ind2=" ">
    <subfield code="a">Soil Fertility</subfield>
  </datafield>
  <datafield tag="650" ind1=" " ind2=" ">
    <subfield code="a">Fertilizers</subfield>
  </datafield>
  <datafield tag="700" ind1=" " ind2=" ">
    <subfield code="a">Havlin, John L.</subfield>
  </datafield>
  <datafield tag="700" ind1=" " ind2=" ">
    <subfield code="a">Tisdale, Samuel L.</subfield>
  </datafield>
  <datafield tag="700" ind1=" " ind2=" ">
    <subfield code="a">Nelson, Werner L.</subfield>
  </datafield>
  <datafield tag="700" ind1=" " ind2=" ">
    <subfield code="a">Beaton, James D.</subfield>
  </datafield>
  <datafield tag="942" ind1=" " ind2=" ">
    <subfield code="2">ddc</subfield>
    <subfield code="c">BK</subfield>
  </datafield>
  <datafield tag="999" ind1=" " ind2=" ">
    <subfield code="c">47494</subfield>
    <subfield code="d">47494</subfield>
  </datafield>
  <datafield tag="952" ind1=" " ind2=" ">
    <subfield code="0">0</subfield>
    <subfield code="1">0</subfield>
    <subfield code="2">ddc</subfield>
    <subfield code="4">0</subfield>
    <subfield code="7">0</subfield>
    <subfield code="a">RAU</subfield>
    <subfield code="b">PDDUCH&amp;F</subfield>
    <subfield code="d">2025-02-05</subfield>
    <subfield code="e">IBPSS, Delhi</subfield>
    <subfield code="g">1055.00</subfield>
    <subfield code="l">0</subfield>
    <subfield code="o">631.42 H38S</subfield>
    <subfield code="p">82543</subfield>
    <subfield code="r">2025-02-05</subfield>
    <subfield code="w">2025-01-02</subfield>
    <subfield code="y">BK</subfield>
    <subfield code="k">IBPS/023/2024-25</subfield>
  </datafield>
  <datafield tag="952" ind1=" " ind2=" ">
    <subfield code="0">0</subfield>
    <subfield code="1">0</subfield>
    <subfield code="2">ddc</subfield>
    <subfield code="4">0</subfield>
    <subfield code="7">0</subfield>
    <subfield code="a">RAU</subfield>
    <subfield code="b">PDDUCH&amp;F</subfield>
    <subfield code="d">2025-02-05</subfield>
    <subfield code="e">IBPSS, Delhi</subfield>
    <subfield code="g">1055.00</subfield>
    <subfield code="l">0</subfield>
    <subfield code="o">631.42 H38S</subfield>
    <subfield code="p">82544</subfield>
    <subfield code="r">2025-02-05</subfield>
    <subfield code="w">2025-01-02</subfield>
    <subfield code="y">BK</subfield>
    <subfield code="k">IBPS/023/2024-25</subfield>
  </datafield>
  <datafield tag="952" ind1=" " ind2=" ">
    <subfield code="0">0</subfield>
    <subfield code="1">0</subfield>
    <subfield code="2">ddc</subfield>
    <subfield code="4">0</subfield>
    <subfield code="7">0</subfield>
    <subfield code="a">RAU</subfield>
    <subfield code="b">PDDUCH&amp;F</subfield>
    <subfield code="d">2025-02-05</subfield>
    <subfield code="e">IBPSS, Delhi</subfield>
    <subfield code="g">1055.00</subfield>
    <subfield code="l">0</subfield>
    <subfield code="o">631.42 H38S</subfield>
    <subfield code="p">82545</subfield>
    <subfield code="r">2025-02-05</subfield>
    <subfield code="w">2025-01-02</subfield>
    <subfield code="y">BK</subfield>
    <subfield code="k">IBPS/023/2024-25</subfield>
  </datafield>
  <datafield tag="952" ind1=" " ind2=" ">
    <subfield code="0">0</subfield>
    <subfield code="1">0</subfield>
    <subfield code="2">ddc</subfield>
    <subfield code="4">0</subfield>
    <subfield code="7">0</subfield>
    <subfield code="a">RAU</subfield>
    <subfield code="b">PDDUCH&amp;F</subfield>
    <subfield code="d">2025-02-05</subfield>
    <subfield code="e">IBPSS, Delhi</subfield>
    <subfield code="g">1055.00</subfield>
    <subfield code="l">0</subfield>
    <subfield code="o">631.42 H38S</subfield>
    <subfield code="p">82546</subfield>
    <subfield code="r">2025-02-05</subfield>
    <subfield code="w">2025-01-02</subfield>
    <subfield code="y">BK</subfield>
    <subfield code="k">IBPS/023/2024-25</subfield>
  </datafield>
  <datafield tag="952" ind1=" " ind2=" ">
    <subfield code="0">0</subfield>
    <subfield code="1">0</subfield>
    <subfield code="2">ddc</subfield>
    <subfield code="4">0</subfield>
    <subfield code="7">0</subfield>
    <subfield code="a">RAU</subfield>
    <subfield code="b">PDDUCH&amp;F</subfield>
    <subfield code="d">2025-02-05</subfield>
    <subfield code="e">IBPSS, Delhi</subfield>
    <subfield code="g">1055.00</subfield>
    <subfield code="l">0</subfield>
    <subfield code="o">631.42 H38S</subfield>
    <subfield code="p">82547</subfield>
    <subfield code="r">2025-02-05</subfield>
    <subfield code="w">2025-01-02</subfield>
    <subfield code="y">BK</subfield>
    <subfield code="k">IBPS/023/2024-25</subfield>
  </datafield>
</record>
